| 000 | 00923nam a2200253Ia 4500 | ||
|---|---|---|---|
| 003 | OSt | ||
| 005 | 20221005111757.0 | ||
| 006 | a|||||r|||| 00| 0 | ||
| 007 | ta | ||
| 008 | 221004b |||||||| |||| 00| 0 hin d | ||
| 024 | _a32509 | ||
| 037 | _cTextual | ||
| 040 |
_aCRL _cCRL _bhin |
||
| 041 |
_2hin _ahin |
||
| 082 | _aO152,1N156, N2 | ||
| 100 | _a‘अंचल’, रामेश्वर शुक्ल | ||
| 245 | 0 |
_aक्षितिज-बिम्ब _b संस्मरण कथाएॅं |
|
| 246 | _aKṣhitija-bimba: sansmaraṇ kathāeॅan | ||
| 260 |
_aमेरठ _bभारतीय साहित्य प्रकाशन भारत _c1992 |
||
| 300 |
_a94पृ. _ccm. |
||
| 650 | _aहिन्दी कहानी | ||
| 942 |
_hO152,1N156, N2 _cTEXL _2cc |
||
| 999 |
_c1022862 _d1022862 |
||